000 00350nam a22001457a 4500
003 OSt
005 20160727222420.0
008 160627b xxu||||| |||| 00| 0 eng d
040 _cTEST
100 _91229
_aTames, R
245 _aPenicillin
260 _aUNITED KINGDOM
_bREAD EDU. & PROFESSIINAL PUB.
_c2001
300 _aPenicillin
942 _2ddc
_cBK
999 _c1003
_d1003